| 000 | 00000nam 2200000za 4500 |
| 001 | 9.608574 |
| 003 | CaOODSP |
| 005 | 20250124150419 |
| 007 | ta |
| 008 | 150406|1992||||xxc||||| f|0| 0 eng d |
| 020 | |a0-662-19874-3 |
| 040 | |aCaOODSP|beng |
| 043 | |an-cn--- |
| 086 | 1 |aZ1-1989/1-41-1E |
| 110 | 1 |aCanada.|bRoyal Commissions. |bRoyal Commission on National Passenger Transportation. |
| 245 | 10|aTransportation for people with disabilities: a policy review and analysis / |cby the Hickling Corporation, March, 1991. |
| 260 | |aOttawa - Ontario : |bRoyal Commissions. |c1992. |
| 300 | |a43, 9p. : |bgraphs, tables ; |c28 cm. |
| 490 | 1 |a[Research report.]|vRR-01 |
| 563 | |aRing binding |
| 590 | |a92-49|b1992-12-04 |
| 776 | 0#|tTransportation for people with disabilities : |w(CaOODSP)9.947371 |
| 830 | #0|a[Research report.]|vRR-01|w(CaOODSP)9.514937 |